000 00493 a2200121 4500
082 _aMSIT-8
100 _aSomia Razzaq
_9108613
245 _aSecure web service transportation system for HL7 version 3 messages
_cSomia Razzaq
260 _aIslamabad
_bNUST School of Electrical Engineering and Computer Science
_c2011.
300 _a141p.
_b:ill.
_c;27cm.+
_eCD-ROM
500 _aSupervisors: Dr. Hafiz Farooq Ahmad, Dr. Fauzan Mirza, Dr. Amir Hayat, Ms. Samin Khaliq
942 _cPR
_kMSIT-8 SOM
_2ddc
999 _c10499
_d10499